A study of customers' perception of and attitudes to Islamic banking : products, services, staff, shari'ah board and marketing in five countries : Pakistan, UK, UAE, Saudi Arabia and Malaysia /
Saved in:
| Main Author: | |
|---|---|
| Format: | Thesis |
| Language: | English |
| Published: |
Aberdeen, Scotland :
University of Aberdeen,
2011
|
| Subjects: | |
| Tags: |
Add Tag
No Tags, Be the first to tag this record!
|
| LEADER | 010560000a22002290004500 | ||
|---|---|---|---|
| 008 | 141205t2011 xxka g m 000 0 eng d | ||
| 040 | |a UIAM |b eng | ||
| 043 | |a a------ f------ | ||
| 050 | 4 | |a HG3368.A6 | |
| 100 | 1 | |a Khan, Noor Tahreem | |
| 245 | 1 | 2 | |a A study of customers' perception of and attitudes to Islamic banking : |b products, services, staff, shari'ah board and marketing in five countries : Pakistan, UK, UAE, Saudi Arabia and Malaysia / |c by Noor tahreem Khan |
| 260 | |a Aberdeen, Scotland : |b University of Aberdeen, |c 2011 | ||
| 300 | |a xvii, 385 leaves : |b col. ill. ; |c 30 cm. | ||
| 500 | |a Abstract in English. | ||
| 502 | |a Thesis (Ph.D)--University of Aberdeen, 2011. | ||
| 504 | |a Includes bibliographical references (leaves 350-385). | ||
| 596 | |a 1 | ||
| 655 | |a Theses, Facsimile edition (Islamic) | ||
| 710 | 2 | |a University of Aberdeen | |
| 900 | |a hj-mrm | ||
| 999 | |c 435740 |d 467766 | ||
| 952 | |0 0 |6 TI HG 003368 A6 K45S 2011 |7 0 |8 THESES |9 760098 |a IIUM |b IIUM |c MULTIMEDIA |g 2170.77 |o ti HG 3368 A6 K45S 2011 |p 11100338285 |r 2017-10-23 |t 1 |v 2170.77 |y THESIS | ||
